Normal view
MARC view
- Society for the Psychological Study of Social Issues.
Entry Corporate Name
001 - CONTROL NUMBER
- control field: 2671
003 - CONTROL NUMBER IDENTIFIER
- control field: OSt
005 - DATE AND TIME OF LATEST TRANSACTION
- control field: 20170509114944.0
008 - FIXED-LENGTH DATA ELEMENTS
- fixed length control field: 170509|| aca||aabn | a|a d
040 ## - CATALOGING SOURCE
- Original cataloging agency: OSt
- Transcribing agency: OSt
110 ## - HEADING--CORPORATE NAME
- Corporate name or jurisdiction name as entry element: Society for the Psychological Study of Social Issues.
670 ## - SOURCE DATA FOUND
- Source citation: Work cat.: (OSt): Perlman, Daniel. 2669, Social psychology /, c1983.

PORTAL AKMAL
E-MEL JKDM
AKMAL2U
G-BAM
u-PUSTAKA